| 000 | 01550cam a22001934a 4500 | ||
|---|---|---|---|
| 005 | 20250605164141.0 | ||
| 008 | 250528s ||||||||||||||||||||||||d | ||
| 035 | _a18983 | ||
| 020 | _a9604054694 | ||
| 040 |
_aGR-AtMCL _bgre _dGR-AtMCL _eAACR2 |
||
| 245 | 1 | _aΣηματοδότησεις ΙΙ / Εισαγωγή στην Ιστορία της Τέχνης από την Προιστορία ως τα τέλη του 19ου Αιώνα | |
| 260 |
_bΊων, _c1989 |
||
| 300 | _a272 | ||
| 520 | _aΣε γενικές Γραμμές οι σημαντικότερες περίοδοι, κυρίως στον δυτικό κόσμο. Προιστορία, Η Εποχή του Λίθου, Η Εποχή του Χαλκού, Αρχαία Ιστορική Περίοδος, Νέα Φύλα στην Ευρώπη, Η Ανατολική Μεσόγειος, Από την Αρχαιότητα ως την Αναγέννηση, Μεγάλες Δυνάμεις, Πέρα από την Ευρώπη, Ο Δυτικός Μεσαίωνας, Από την Αναγέννηση ως το Κατώφλι της Νέας Τέχνης, Το Ουμανιστικό Ιδεώδες, Ο Καθρέφτης της Ατομικής και Κοινωνικής Πραγματικότητας, Ο Ελληνισμός μετά την Άλλωση της Κωνσταντινούπολης, Νεοσύστατο Ελληνικό Κράτος, Επίλογος. | ||
| 700 | 1 |
_aΒορνινγκ Αγγελικη _92636 |
|
| 942 | _cBK | ||
| 999 |
_c4275 _d4275 |
||